<?xml version="1.0" encoding="UTF-8"?>
<record
    xmlns:xsi="http://www.w3.org/2001/XMLSchema-instance"
    xsi:schemaLocation="http://www.loc.gov/MARC21/slim http://www.loc.gov/standards/marcxml/schema/MARC21slim.xsd"
    xmlns="http://www.loc.gov/MARC21/slim">

  <leader>03676nam a2200337   4500</leader>
  <datafield tag="952" ind1=" " ind2=" ">
    <subfield code="0">0</subfield>
    <subfield code="1">0</subfield>
    <subfield code="3">vol.1 ej.1</subfield>
    <subfield code="4">0</subfield>
    <subfield code="7">0</subfield>
    <subfield code="a">01</subfield>
    <subfield code="b">01</subfield>
    <subfield code="d">2016-06-28</subfield>
    <subfield code="l">5</subfield>
    <subfield code="o">362.829 P974 vol.1</subfield>
    <subfield code="p">01 013702</subfield>
    <subfield code="q">2024-10-04</subfield>
    <subfield code="r">2024-09-27</subfield>
    <subfield code="s">2024-09-27</subfield>
    <subfield code="t">1</subfield>
    <subfield code="w">2016-06-28</subfield>
    <subfield code="y">LB</subfield>
  </datafield>
  <datafield tag="952" ind1=" " ind2=" ">
    <subfield code="0">0</subfield>
    <subfield code="1">0</subfield>
    <subfield code="3">vol.2 ej.1</subfield>
    <subfield code="4">0</subfield>
    <subfield code="7">0</subfield>
    <subfield code="a">01</subfield>
    <subfield code="b">01</subfield>
    <subfield code="d">2016-06-28</subfield>
    <subfield code="l">4</subfield>
    <subfield code="o">362.829 P974 vol.2</subfield>
    <subfield code="p">01 013779</subfield>
    <subfield code="r">2022-09-12</subfield>
    <subfield code="s">2022-09-12</subfield>
    <subfield code="t">1</subfield>
    <subfield code="w">2016-06-28</subfield>
    <subfield code="y">LB</subfield>
  </datafield>
  <datafield tag="952" ind1=" " ind2=" ">
    <subfield code="0">0</subfield>
    <subfield code="1">0</subfield>
    <subfield code="3">vol.2 ej.1</subfield>
    <subfield code="4">0</subfield>
    <subfield code="7">0</subfield>
    <subfield code="a">03</subfield>
    <subfield code="b">03</subfield>
    <subfield code="d">2017-09-04</subfield>
    <subfield code="l">0</subfield>
    <subfield code="o">BF575.A3 P75 2015 vol.2</subfield>
    <subfield code="p">03 009509</subfield>
    <subfield code="r">2017-09-04</subfield>
    <subfield code="t">1</subfield>
    <subfield code="w">2017-09-04</subfield>
    <subfield code="y">LB</subfield>
  </datafield>
  <datafield tag="952" ind1=" " ind2=" ">
    <subfield code="0">0</subfield>
    <subfield code="1">0</subfield>
    <subfield code="2">lcc</subfield>
    <subfield code="3">vol.2 ej.2</subfield>
    <subfield code="4">0</subfield>
    <subfield code="7">0</subfield>
    <subfield code="a">03</subfield>
    <subfield code="b">03</subfield>
    <subfield code="d">2017-10-05</subfield>
    <subfield code="l">0</subfield>
    <subfield code="o">BF575.A3 P75 2015 vol.2</subfield>
    <subfield code="p">03 009586</subfield>
    <subfield code="r">2017-10-05</subfield>
    <subfield code="t">2</subfield>
    <subfield code="w">2017-10-05</subfield>
    <subfield code="y">LB</subfield>
  </datafield>
  <datafield tag="999" ind1=" " ind2=" ">
    <subfield code="c">100239</subfield>
    <subfield code="d">100239</subfield>
  </datafield>
  <controlfield tag="005">20231102151943.0</controlfield>
  <controlfield tag="008">160628s2015    mx a|||| |||| 00| 0 spa d</controlfield>
  <datafield tag="020" ind1=" " ind2=" ">
    <subfield code="a">9786074484427   v.I</subfield>
  </datafield>
  <datafield tag="020" ind1=" " ind2=" ">
    <subfield code="a">9786074484434  v.2</subfield>
  </datafield>
  <datafield tag="020" ind1=" " ind2=" ">
    <subfield code="a">9786074484410  Obra Completa</subfield>
  </datafield>
  <datafield tag="050" ind1=" " ind2=" ">
    <subfield code="a">BF575.A3</subfield>
    <subfield code="b">O76 2015</subfield>
  </datafield>
  <datafield tag="082" ind1=" " ind2=" ">
    <subfield code="a">362.829</subfield>
    <subfield code="b">P974 </subfield>
  </datafield>
  <datafield tag="245" ind1=" " ind2=" ">
    <subfield code="a">Psicolog&#xED;a de la Violencia</subfield>
    <subfield code="b"> : Causas, prevenci&#xF3;n y afrontamiento</subfield>
    <subfield code="c"> / coordinadores Marco Eduardo Murueta Reyes, Mario Orozco Guzman ; editor responsable Santiago Viveros</subfield>
  </datafield>
  <datafield tag="250" ind1=" " ind2=" ">
    <subfield code="a">2a. edici&#xF3;n</subfield>
  </datafield>
  <datafield tag="260" ind1=" " ind2=" ">
    <subfield code="a">M&#xE9;xico</subfield>
    <subfield code="b"> : El Manual Moderno</subfield>
    <subfield code="c">, 2015</subfield>
  </datafield>
  <datafield tag="300" ind1=" " ind2=" ">
    <subfield code="a">2 vol&#xFA;menes</subfield>
    <subfield code="b"> : ilustraciones</subfield>
  </datafield>
  <datafield tag="500" ind1=" " ind2=" ">
    <subfield code="a">Incluye: Referencias bibliogr&#xE1;ficas en cada cap&#xED;tulo e &#xED;ndice</subfield>
  </datafield>
  <datafield tag="505" ind1=" " ind2=" ">
    <subfield code="a">Vol. I
Alternativas frente a la violencia social desde la teor&#xED;a de la Praxis
Consideraciones sobre la violencia
De la polarizaci&#xF3;n social a la est&#xE9;tica de lo atroz
Aproximaci&#xF3;n a la comprensi&#xF3;n del maltrato
Trastorno disocial : un origen de la agresividad
J&#xF3;venes en conflicto con la Ley Penal : ni&#xF1;ez y violencias
Delincuencia violenta : Lecciones que podemos aprender para prevenirla
Efectos de la violencia en la subjetividad infantil
Participaci&#xF3;n de ni&#xF1;os y j&#xF3;venes en la violencia relacionada con el narcotr&#xE1;fico en M&#xE9;xico : noticias en la prensa y la atribuci&#xF3;n de sus actos
Significado psicol&#xF3;gico de violencia en una muestra de adolescentes y j&#xF3;venes mexicanos
Impacto negativo del armamentismo en Rep&#xFA;blica Dominicana
Desde el mundo de Matrix : Razonamiento, operaciones racionales y violencia en el Per&#xFA;
Visiblemente ocultos : realidades de la situaci&#xF3;n de violencia en el contexto boliviano
Violencia territorial, emergencia de v&#xED;ctimas y da&#xF1;o subjetivo
Relaciones de violencia : din&#xE1;mica de vida en las prisiones
La tortura y el protocolo de Estanbul : una perspectiva psicol&#xF3;gica
Vol&#xFA;men II
Violencia en la familia : trauma y victimizaci&#xF3;n una mirada sist&#xE9;mica
Hogar, violento hogar
Violencia dom&#xE9;stica y pr&#xE1;cticas parentales : maltrato infantil y sus repercusiones emocionales y cognitivas
Violencia en el noviazgo de parejas del mismo g&#xE9;nero : un problema no explorado
Noviazgo : amor o violencia
Manifestaciones de la violencia de g&#xE9;nero en mujeres de comunidades michoacanas con tradici&#xF3;n migratoria
La noci&#xF3;n de violencia: concepto dif&#xED;cil de construir en la etapa adolescente
Coerciones violentas sobre el cuerpo en la adolescencia : un estudio psicoanal&#xED;tico
Bullying, un fen&#xF3;meno m&#xE1;s de laposmodernidad
&#xBF;Es la escuela un lugar seguro?
Agresi&#xF3;n reactiva e instrumental en edad escolar
Una comprensi&#xF3;n del bullying : recorrido hist&#xF3;rico
Discapacidad y violencia
Un atentado contra la salud de los trabajadores : la seguridad laboral mercantilizada
Perspectiva interdisciplinaria de la violencia en el trabajo
</subfield>
  </datafield>
  <datafield tag="519" ind1=" " ind2=" ">
    <subfield code="a">Educaci&#xF3;n Mixta /</subfield>
    <subfield code="b">Criminal&#xED;stica /</subfield>
    <subfield code="c">Psicolog&#xED;a Criminal (B06-1) /</subfield>
    <subfield code="d">(01 013702)</subfield>
  </datafield>
  <datafield tag="519" ind1=" " ind2=" ">
    <subfield code="a">Educaci&#xF3;n Mixta /</subfield>
    <subfield code="b">Criminal&#xED;stica /</subfield>
    <subfield code="c">Prevenci&#xF3;n del Delito (P06-2) /</subfield>
    <subfield code="d">(01 013779)</subfield>
  </datafield>
  <datafield tag="519" ind1=" " ind2=" ">
    <subfield code="a">Educaci&#xF3;n Mixta /</subfield>
    <subfield code="b">Criminal&#xED;stica /</subfield>
    <subfield code="c">Psicolog&#xED;a Criminal (B06-1) /</subfield>
    <subfield code="d">(03 009509)</subfield>
  </datafield>
  <datafield tag="519" ind1=" " ind2=" ">
    <subfield code="a">Educaci&#xF3;n Mixta /</subfield>
    <subfield code="b">Criminal&#xED;stica /</subfield>
    <subfield code="c">Prevenci&#xF3;n del Delito (P06-2) /</subfield>
    <subfield code="d">(03 009586)</subfield>
  </datafield>
  <datafield tag="650" ind1="1" ind2="4">
    <subfield code="a">VIOLENCIA</subfield>
    <subfield code="x">ASPECTOS PSICOL&#xD3;GICOS</subfield>
  </datafield>
  <datafield tag="650" ind1="2" ind2="4">
    <subfield code="a">VIOLENCIA</subfield>
    <subfield code="x">EVALUACI&#xD3;N DE RIESGOS</subfield>
  </datafield>
  <datafield tag="650" ind1="2" ind2="4">
    <subfield code="a">AGRESIVIDAD</subfield>
  </datafield>
  <datafield tag="700" ind1=" " ind2=" ">
    <subfield code="a">Murueta Reyes, Marco Eduardo</subfield>
    <subfield code="e">coordinador</subfield>
  </datafield>
  <datafield tag="700" ind1=" " ind2=" ">
    <subfield code="a">Orozco Guzm&#xE1;n, Mario</subfield>
    <subfield code="e">coordinador</subfield>
  </datafield>
  <datafield tag="942" ind1=" " ind2=" ">
    <subfield code="c">LB</subfield>
  </datafield>
</record>
